Most Easterly Countries in Asia - Statistics

General Stats
  • This quiz has been taken 75 times
  • The average score is 16 of 17
Answer Stats
Rank Country % Correct
10 Indonesia
98%
17 Vietnam
98%
2 Japan
96%
4 North Korea
96%
5 South Korea
96%
11 Laos
94%
16 Thailand
94%
1 China
92%
13 Myanmar
92%
14 Philippines
92%
8 Cambodia
90%
12 Malaysia
90%
6 Taiwan
90%
3 Mongolia
88%
15 Singapore
88%
9 East Timor
84%
7 Brunei
80%
No matching quizzes found
Score Distribution
Percent of People with Each Score
Percentile by Number Answered
Your Score History
You have not taken this quiz